Get the lowdown on high risk (Record no. 83244)

MARC details
000 -LEADER
fixed length control field 00948cab a22002295a 4500
001 - CONTROL NUMBER
control field L153263
008 - FIXED-LENGTH DATA ELEMENTS--GENERAL INFORMATION
fixed length control field 110704s20110630xxkd f 000 0 eng d
035 ## - SYSTEM CONTROL NUMBER
System control number (Sirsi) u153263
041 0# - LANGUAGE CODE
Language code of text/sound track or separate title eng
100 1# - MAIN ENTRY--PERSONAL NAME
Personal name Sandland, Ian
245 00 - TITLE STATEMENT
Title Get the lowdown on high risk
260 ## - PUBLICATION, DISTRIBUTION, ETC.
Date of publication, distribution, etc. 2011
490 #0 - SERIES STATEMENT
Series statement New Civil Engineer
Volume/sequential designation 30 June 2011, 34-35(2)
520 ## - SUMMARY, ETC.
Summary, etc. The higher a building gets, the harder it becomes to manage construction. A look at the challenges facing companies building the next generation of super towers, high rises and skyscrapers, and identifies the key areas where problems might arise. Design and sustainability are the key to the success of a tall building.
590 ## - LOCAL NOTE (RLIN)
Local note KA
651 #4 - SUBJECT ADDED ENTRY--GEOGRAPHIC NAME
Geographic name International
690 ## - LOCAL SUBJECT ADDED ENTRY--TOPICAL TERM (OCLC, RLIN)
Topical term or geographic name as entry element BUILT ENVIRONMENT-BUILDING TYPES-TALL BUILDINGS
690 ## - LOCAL SUBJECT ADDED ENTRY--TOPICAL TERM (OCLC, RLIN)
Topical term or geographic name as entry element BUILT ENVIRONMENT-CONSTRUCTION DESIGN
690 ## - LOCAL SUBJECT ADDED ENTRY--TOPICAL TERM (OCLC, RLIN)
Topical term or geographic name as entry element BUILT ENVIRONMENT-SUSTAINABLE CONSTRUCTION
700 1# - ADDED ENTRY--PERSONAL NAME
Personal name Taylor, Lance
942 ## - ADDED ENTRY ELEMENTS (KOHA)
Suppress in OPAC 0
Holdings
Withdrawn status Lost status Source of classification or shelving scheme Damaged status Not for loan Home library Current library Shelving location Date acquired Total Checkouts Full call number Barcode Date last seen Copy number Price effective from Koha item type
    Dewey Decimal Classification     London London Journal article 04/07/2011   L153263 153263-1001 06/08/2019 1 06/08/2019 Journal article